Tamarugal
Guardat en:
| Autor principal: | |
|---|---|
| Format: | Llibre |
| Idioma: | espanyol |
| Publicat: |
Santiago
Nascimento
1944
|
| Matèries: | |
| Etiquetes: |
Afegir etiqueta
Sense etiquetes, Sigues el primer a etiquetar aquest registre!
|
MARC
| LEADER | 00000nam a2200000 a 4500 | ||
|---|---|---|---|
| 001 | UCP7562 | ||
| 003 | CL-VaPUC | ||
| 008 | 991217e19440000CL |||||||||||||||||spa|d | ||
| 082 | 0 | 4 | |a Ch863 |b BAR |2 21 |
| 100 | 0 | |a Barrios, Eduardo |e author |9 320692 | |
| 245 | 1 | 0 | |a Tamarugal |
| 300 | |a 230 p | ||
| 942 | |c BK | ||
| 945 | |d 19991217 00:00:00 |a rherrera | ||
| 260 | |a Santiago |b Nascimento |c 1944 | ||
| 650 | 0 | |a Literatura chilena |9 308278 | |
| 650 | 0 | |a Novelas chilenas |9 265425 | |
| 650 | 0 | |a Cuentos chilenos |9 308280 | |
| 583 | |a last modification |c 19991217 00:00:00 |k Rodrigo Vera | ||
| 999 | |c 284684 |d 284682 | ||
| 952 | |0 0 |1 0 |4 0 |6 CH_863_000000000000000_BAR_1944 |7 0 |8 X |9 328860 |a BIBHIS |b BIBHIS |d 2019-11-20 |i 1379135 |o Ch863 BAR 1944 |p 1379135 |r 2024-01-30 |w 2019-11-20 |y BK_X |k HIS | ||